International Economics 2 International Monetary Theory and Open-Economy Macroeconomics

Saved in:
Bibliographic Details
Main Author: Gandolfo, Giancarlo
Format: Book
Language:English
Published: Berlin Springer 1995
Edition:2. rev. ed.
Subjects:
Tags: Add Tag
No Tags, Be the first to tag this record!

MARC

LEADER 00000nam a2200000 4500
001 c015421
005 20221205133132.5
020 |a 3-540-58687-3 
041 0 |a eng 
044 |a DE 
245 1 0 |a International Economics 2  |b International Monetary Theory and Open-Economy Macroeconomics  |c Giancarlo Gandolfo 
250 |a 2. rev. ed. 
264 1 |a Berlin  |b Springer  |c 1995 
300 |a 560 s. 
610 2 0 |a hospodárstvo otvorené 
610 2 0 |a teória finančná 
610 2 0 |a teória peňažná 
610 2 0 |a makroekonomika 
100 1 |a Gandolfo, Giancarlo